书目信息 |
| 题名: |
商务英语阅读
|
|
| 作者: | 王朝晖 主编 | |
| 分册: | ||
| 出版信息: | 北京 对外经济贸易大学出版社 2006 |
|
| 页数: | 318页 | |
| 开本: | 26cm | |
| 丛书名: | ||
| 单 册: | ||
| 中图分类: | H319.4 | |
| 科图分类: | ||
| 主题词: | 商务--英语 | |
| 电子资源: | ||
| ISBN: | 7-81078-723-3 | |
| 000 | 00652 nam 000229 | |
| 001 | 012000000625 | |
| 005 | 20070902085451.46 | |
| 010 | @a7-81078-723-3@dCNY33.00 | |
| 100 | @a20070713d2006 em y0chiy0121 ea | |
| 101 | @achi | |
| 102 | @aCN@b110000 | |
| 105 | @ay z 000yy | |
| 200 | 10 | @a商务英语阅读@9shang wu ying yu yue dou@f王朝晖主编@Fwang chao hui zhu bian |
| 210 | @a北京@c对外经济贸易大学出版社@d2006 | |
| 215 | @a318页@d26cm | |
| 300 | @a21世纪高职高专新概念 财经类 系例教材 | |
| 606 | @a商务@y英语 | |
| 690 | @aH319.4@v4 | |
| 701 | 0 | @a王朝晖@9wang chao hui@4主编 |
| 801 | @aCN@c20070902 | |
| 901 | @a000001 | |
| 905 | @dH319.4@eW120 | |
| 商务英语阅读/王朝晖主编.-北京:对外经济贸易大学出版社,2006 |
| 318页;26cm |
| 21世纪高职高专新概念 财经类 系例教材 |
| ISBN 7-81078-723-3:CNY33.00 |
| ● |
| 相关链接 |
|
|
|
正题名:商务英语阅读
索取号:H319.4/W120
 
预约/预借
| 序号 | 登录号 | 条形码 | 馆藏地/架位号 | 状态 | 备注 |
| 1 | 641762 | 206417625 | 语言库209/209语言库 19排2列1层/ [索取号:H319.4/W120] | 在馆 |